000 00661nam a2200277Ia 4500
005 20260324130752.0
008 008 260324s9999 xx 000 0 eng d
020 _a9780203940334
037 _aEBOOK
040 _aCRL
040 _beng
040 _cCRL
041 _2eng
041 _aeng
084 _qCRL
100 _aTimothy M Costelloe
_91183016
245 0 _aAesthetics and Morals in the Philosophy of David Hume
260 _bTaylor and Francis
260 _c2007
365 _a
365 _b290
856 _uhttp://www.taylorfrancis.com/books/9780203940334
942 _cEBOOK
999 _c1779498
_d1779498